| 000 | 00513nam a22001697a 4500 | ||
|---|---|---|---|
| 999 |
_c9222 _d9222 |
||
| 008 | 210330b ||||| |||| 00| 0 eng d | ||
| 040 | _aBMS College of Architecture | ||
| 100 | _aP, S, Pooja | ||
| 245 | _aDistrict science centre ar Manipal Udupi district | ||
| 300 | _a42p. | ||
| 500 | _a1BM02AT018 | ||
| 502 |
_8B.Arch _NBMS College of Architecture, Visvesvaraya Technological University _aProject report _d2006 |
||
| 650 | _aManipal | ||
| 650 | _aUdupi | ||
| 700 |
_aRajan Sridhar _eGuide |
||
| 942 |
_2ddc _cTHE |
||